000 00632nam a2200217Ia 4500
003 GCL
008 140319s9999 xx 000 0 ara d
040 _aGCL /
_cGCL
082 0 4 _a378.17
_bص ط
100 1 _aصبرى الدمرداش
245 1 0 _aلظرائف العلمية: مدخل لتدريس العلوم /
_cصبرى الدمرداش
260 _a[S.N] :
_bدار المعارف ،
_c1992
300 _a655
490 _a
650 0 4 _aطرق التدريس
650 0 4 _aالتعليم
650 0 4 _aالتدريس
650 0 4 _aالعلوم
650 0 4 _aالوسائل التعليمية
942 _2ddc
_cBK
999 _c58924
_d58924